000 00589nam a2200169 a 4500
001 000034980
005 20200930074027.0
008 111024s1972 ve 000 0 spa d
040 _aDO-SdBNP
_bspa
_cBNPHU
082 _axxxx
_bxxxx
100 1 _aCappelletti, Angel J.
_96693
245 1 0 _aInicios de la filosofía griega /
_cAngel J. Cappelletti.
260 _aCaracas, :
_bMagisterio,
_c1972.
300 _a101 p. ;
_c22 cm.
504 _aIncluye referencias bibliográficas y notas al pie de las páginas
590 _aPerteneció a la biblioteca personal de Juan Isidro Jimenes Grullón.
999 _c34471
_d34471